Ṭufūlat nahd (Record no. 45269)
[ view plain ]
| 000 -LEADER | |
|---|---|
| fixed length control field | 00667cam a22002291 4500 |
| 001 - CONTROL NUMBER | |
| control field | ne 62001395 |
| 003 - CONTROL NUMBER IDENTIFIER | |
| control field | DLC |
| 005 - DATE AND TIME OF LATEST TRANSACTION | |
| control field | 20260227111737.0 |
| 008 - FIXED-LENGTH DATA ELEMENTS--GENERAL INFORMATION | |
| fixed length control field | 900625s1961 ua 000 0 ararc |
| 010 ## - LIBRARY OF CONGRESS CONTROL NUMBER | |
| LC control number | ne 62001395 |
| 025 ## - OVERSEAS ACQUISITION NUMBER | |
| Overseas acquisition number | PL480:UAR-391 |
| 035 ## - SYSTEM CONTROL NUMBER | |
| System control number | (OCoLC)21916078 |
| 040 ## - CATALOGING SOURCE | |
| Original cataloging agency | Princeton Univ. Libr. |
| Transcribing agency | WaU |
| Modifying agency | DLC |
| 042 ## - AUTHENTICATION CODE | |
| Authentication code | premarc |
| 050 00 - LIBRARY OF CONGRESS CALL NUMBER | |
| Classification number | PJ7858.A2 |
| Item number | T8 |
| 100 1# - MAIN ENTRY--PERSONAL NAME | |
| Personal name | Qabbānī, Nizār. |
| 245 10 - TITLE STATEMENT | |
| Title | Ṭufūlat nahd |
| Statement of responsibility, etc. | [taʼlīf] Nizār Qabbānī. |
| 250 ## - EDITION STATEMENT | |
| Edition statement | al-Ṭabʻah al-khāmisah. |
| 260 ## - PUBLICATION, DISTRIBUTION, ETC. | |
| Place of publication, distribution, etc. | [Bayrūt, |
| Name of publisher, distributor, etc. | al-Maktabah al-Tijārī lil-Ṭibāʻah wa-al-Tawzīʻ wa-al-Nashr] |
| Date of publication, distribution, etc. | 1961. |
| 300 ## - PHYSICAL DESCRIPTION | |
| Extent | 182 p. |
| Dimensions | 17 cm. |
| 500 ## - GENERAL NOTE | |
| General note | Poems. |
No items available.